书目信息 |
| 题名: |
图解HTTP
|
|
| 作者: | 上野宣 著 ;于均良 译 | |
| 分册: | ||
| 出版信息: | 北京 人民邮电出版社 2014 |
|
| 页数: | 250页 | |
| 开本: | 21cm | |
| 丛书名: | 图灵程序设计丛书 | |
| 单 册: | ||
| 中图分类: | TN915.04 | |
| 科图分类: | ||
| 主题词: | ||
| 电子资源: | ||
| ISBN: | 978-7-115-35153-1 | |
| 000 | 00953nam0 2200277 450 | |
| 001 | 3302 | |
| 005 | 20160926084824.46 | |
| 005 | 20140701171519 | |
| 010 | @a978-7-115-35153-1@b精装@dCNY49.00 | |
| 100 | @a20140604d2014 em y0chiy50 ea | |
| 101 | 1 | @achi@cjpn |
| 102 | @aCN@b110000 | |
| 105 | @aa z 000yy | |
| 200 | 1 | @a图解HTTP@9tu jie HTTP@f(日)上野宣著@g于均良译 |
| 210 | @a北京@c人民邮电出版社@d2014 | |
| 215 | @a250页@d21cm | |
| 225 | 2 | @a图灵程序设计丛书 |
| 305 | @a由SHOEISHA CO., Ltd.授权出版 | |
| 330 | @a本书对互联网基盘——HTTP协议进行了全面系统的介绍。由HTTP协议的发展历史娓娓道来,剖析了HTTP协议的结构,列举诸多常见通信场景及实战案例,最后延伸到Web安全、最新技术动向等方面。 | |
| 461 | 0 | @1461 0@a计算机网络@x通信协议 |
| 610 | 0 | @aHTTP |
| 690 | @aTN915.04@v5 | |
| 701 | 0 | @a上野宣@9shang ye xuan@c(日)@4著 |
| 702 | 0 | @a于均良@9yu jun liang@4译 |
| 801 | 0 | @aCN@b唐山师范学院图书馆@c20151001 |
| 905 | @aZUCC@dTN915.04@e122 | |
| 图解HTTP/(日)上野宣著/于均良译.-北京:人民邮电出版社,2014 |
| 250页;21cm.-(图灵程序设计丛书) |
| ISBN 978-7-115-35153-1(精装):CNY49.00 |
| 本书对互联网基盘——HTTP协议进行了全面系统的介绍。由HTTP协议的发展历史娓娓道来,剖析了HTTP协议的结构,列举诸多常见通信场景及实战案例,最后延伸到Web安全、最新技术动向等方面。 |
| ● |
| 相关链接 |
|
|
|
|
正题名:图解HTTP
索取号:TN915.04/122
 
预约/预借
| 序号 | 登录号 | 条形码 | 馆藏地/架位号 | 状态 | 备注 |
| 1 | 904568 | 209045683 | 第二样本阅览室/ [索取号:TN915.04/122] | 在馆 | |
| 2 | 904569 | 209045692 | 第三借阅区/ [索取号:TN915.04/122] | 在馆 | |
| 3 | 904570 | 209045709 | 第三借阅区/ [索取号:TN915.04/122] | 在馆 | |
| 4 | 904571 | 209045718 | 第三借阅区/ [索取号:TN915.04/122] | 在馆 | |
| 5 | 904572 | 209045727 | 第三借阅区/ [索取号:TN915.04/122] | 在馆 |